000 004670000a22001930004500
001 004556
003 MACL
005 20150705121655.0
008 150705b xxu||||| |||| 00| 0 eng d
040 _aMACL
_cMACL
041 _aEnglish
082 _a303.6/KAR
100 _aKar, Sisir
_9738
245 _aTerrorism And Tagore
_cSisir Kar
260 _aKolkata
_c2001
_bTeachers' Book Agency,
350 _a75
650 _aSocial Science
_929
942 _k304
_cBK
_2ddc
999 _c16445
_d16445